Statistics for Cats of the World

Click here to take the quiz!

General Stats

  • This quiz has been taken 120 times
  • The average score is 19 of 41

Answer Stats

Scientific NameAnswer% Correct
Panthera tigrisTiger
100%
Panthera leoLion
93%
Puma concolorMountain Lion
93%
Panthera pardusLeopard
92%
Panthera oncaJaguar
86%
Acinonyx jubatusCheetah
77%
Felis catusDomestic Cat
75%
Panthera unciaSnow Leopard
75%
Caracal caracalCaracal
74%
Lynx rufusBobcat
72%
Leptailurus servalServal
71%
Leopardus pardalisOcelot
63%
Lynx canadensisCanada Lynx
61%
Lynx lynxEurasian Lynx
60%
Neofelis nebulosaClouded Leopard
58%
Felis silvestrisEuropean Wildcat
49%
Prionailurus viverrinusFishing Cat
46%
Herpailurus yagouaroundiJaguarundi
45%
Lynx pardinusIberian Lynx
43%
Felis margaritaSand Cat
41%
Felis chausJungle Cat
38%
Otocolobus manulPallas's Cat
36%
Leopardus wiediiMargay
34%
Catopuma temminckiiAsian Golden Cat
29%
Neofelis diardiSunda Clouded Leopard
27%
Prionailurus bengalensisLeopard Cat
26%
Leopardus tigrinaOncilla
26%
Felis nigripesBlack-footed Cat
25%
Caracal aurataAfrican Golden Cat
24%
Leopardus geoffroyiGeoffroy's Cat
24%
Felis lybicaAfrican Wildcat
23%
Catopuma badiaBay Cat
22%
Leopardus jacobitaAndean Mountain Cat
21%
Pardofelis marmorataMarbled Cat
20%
Leopardus colocolaPampas Cat
18%
Prionailurus rubiginosusRusty-spotted Cat
18%
Leopardus guignaKodkod
17%
Felis bietiChinese Mountain Cat
15%
Prionailurus planicepsFlat-headed Cat
14%
Leopardus guttulusSouthern Tiger Cat
10%
Prionailurus javanensisSunda Leopard Cat
10%

Score Distribution

Percentile by Number Answered

Percent of People with Each Score

Your Score History

You have not taken this quiz